Netaji Subhas confronted the indian ethos (1900-1921): (Record no. 153548)

MARC details
000 -LEADER
fixed length control field 00793nam a22002057a 4500
005 - DATE AND TIME OF LATEST TRANSACTION
control field 20180706161719.0
010 ## - LCCN (DPL NO)
LC control number B-084052
020 ## - INTERNATIONAL STANDARD BOOK NUMBER
International Standard Book Number 8187530049
035 ## - SYSTEM CONTROL NUMBER
System control number B-084052
037 ## - SOURCE OF ACQUISITION
Source of stock number/acquisition Vedantic Research Publications
082 ## - DEWEY DECIMAL CLASSIFICATION NUMBER
Classification number 921
100 ## - MAIN ENTRY--PERSONAL NAME
Personal name Ganguli, Adwaita P.
245 ## - TITLE STATEMENT
Title Netaji Subhas confronted the indian ethos (1900-1921):
Remainder of title Yogi sri Aurbindo's 'Terrorism', poet tagore's 'universalism', and mahatma gandhi's experimental non-violence
Statement of responsibility, etc Adwaita P. Ganguli
260 ## - PUBLICATION, DISTRIBUTION, ETC. (IMPRINT)
Place of publication, distribution, etc Dehradun
Name of publisher, distributor, etc Vedantic Research Publications
Date of publication, distribution, etc 2003
270 ## - ADDRESS
Address 163/1/3A Rajput Road, Dehradun 248009
City Dehradun
Postal code 248009
300 ## - PHYSICAL DESCRIPTION
Extent 224p.
Dimensions 23cm(hb)
500 ## - GENERAL NOTE
General note It contain index
942 ## - ADDED ENTRY ELEMENTS (KOHA)
Source of classification or shelving scheme Dewey Decimal Classification
Item type English Books
Classification part 921
Call number suffix GAN
Holdings
Withdrawn status Lost status Not for loan Collection code Home library Current library Date acquired Full call number Barcode Koha item type
      Non-fiction Sarojini Nagar Sarojini Nagar 06/07/2018 921 GAN B-084052 English Books
      Non-fiction Sarojini Nagar Sarojini Nagar 11/08/2018 921 GAN B-084038 English Books

© Delhi Public Library
Hit Counter
free hit counter